[Event "Memorial Siaperas (open)"]
[Site "masterchessopen.com Greece"]
[Round "4"]
[White "Kaloskambis Mihail (GRE)"]
[Black "Sigalas Frangiskos (GRE)"]
[Result "0-1"]
[WhiteElo "2171"]
[BlackElo "2284"]

1.d4 e6 2.c4 Nf6 3.Nc3 Bb4 4.e3 O-O 5.Bd3 d5 6.Nf3 c5 7.O-O Nc6 8.a3 Bxc3
9.bxc3 Qc7 10.Nd2 dxc4 11.Bxc4 e5 12.Bb2 Rd8 13.Rc1 cxd4 14.cxd4 exd4 15.exd4
Nxd4 16.Ba2 Qf4 17.g3 Qxd2 18.Qxd2 Nf3+ 19.Kg2 Nxd2 20.Rc7 Bd7 21.Rfc1 Bc6+
22.R1xc6 bxc6 23.Rxf7 Rd5 24.Rc7 Kh8 25.Rxc6 Rd7 26.h4 Nde4 27.Bc1 Re8 28.f3
Nd6 29.Bf4 Rc8 30.Ra6 Rc2+ 31.Kh3 Rxa2 32.Bxd6 h5 33.Be5 Rd3 34.a4 Rxf3
35.Rxa7 Ng4 {#R} 0-1

[Event "It (open) \"]
[Site "masterchessopen.com Moscow (Russia)"]
[Date "2004.02.19"]
[Round "3"]
[White "Ravi Lanka (IND)"]
[Black "Landa Konstantin (RUS)"]
[Result "1-0"]
[WhiteElo "2431"]
[BlackElo "2571"]

1.d4 Nf6 2.c4 e6 3.Nc3 Bb4 4.Nf3 c5 5.e3 O-O 6.Bd3 d5 7.O-O Nc6 8.a3 Bxc3
9.bxc3 Qc7 10.cxd5 exd5 11.Nh4 c4 12.Bb1 Ne4 13.Qc2 Qe7 14.f3 Qxh4 15.fxe4
Qxe4 16.Qxe4 dxe4 17.Bxe4 Na5 18.Bf3 Nb3 19.Rb1 Rb8 20.e4 b5 21.Bf4 Rb6
22.Rfd1 Ra6 23.h3 Rd8 24.d5 Rxa3 25.Bc7 Rd7 26.d6 b4 27.cxb4 c3 28.Rd3 Nc5
29.bxc5 c2 30.Rdd1 g6 31.c6 Rxc7 32.dxc7 {#r} 1-0

[Event "Ch Peru"]
[Site "masterchessopen.com Lima (Peru)"]
[Date "2004.03.08"]
[Round "4"]
[White "Garcia Jhoel (PER)"]
[Black "Samame Castillo Juan (PER)"]
[Result "0-1"]
[WhiteElo "2201"]
[BlackElo "2243"]

1.d4 Nf6 2.c4 e6 3.Nc3 Bb4 4.e3 c5 5.Nf3 O-O 6.Bd3 d5 7.O-O Nc6 8.a3 Bxc3
9.bxc3 Qc7 10.cxd5 exd5 11.a4 c4 12.Bc2 Bg4 13.Qe1 Rfe8 14.Nh4 a6 15.f3 Bh5
16.e4 Bg6 17.Nxg6 fxg6 18.e5 Nd7 19.f4 b5 20.Qh4 b4 21.f5 gxf5 22.Bxf5 Nf8
23.e6 bxc3 24.Ba3 Qd8 25.Qg4 Kh8 26.Bc2 Nxe6 27.Qh5 Ng5 28.Bc1 Ne4 29.Bxe4
Rxe4 30.Ba3 Rh4 31.Qf7 Qg8 32.Qb7 Nxd4 33.Rf2 Rf4 34.Rxf4 Ne2+ 35.Kh1 Nxf4
36.Rf1 Nd3 {#R} 0-1

[Event "Ch Bulgaria (qual.)"]
[Site "masterchessopen.com Velingrad (Bulgaria)"]
[Date "2004.03.13"]
[Round "1"]
[White "Iotov Valentin (BUL)"]
[Black "Lilov Valeri (BUL)"]
[Result "1-0"]
[WhiteElo "2414"]
[BlackElo "2201"]

1.d4 Nf6 2.c4 e6 3.Nc3 Bb4 4.e3 c5 5.Bd3 Nc6 6.Nf3 d5 7.O-O O-O 8.a3 Bxc3
9.bxc3 Qc7 10.Bb2 b6 11.cxd5 exd5 12.c4 dxc4 13.Bxc4 Na5 14.Bd3 c4 15.Rc1 Qe7
16.Bb1 Bb7 17.Ne5 b5 18.f3 Nd5 19.Re1 f6 20.Ng4 Nb3 21.e4 Nf4 22.Rc3 Rad8
23.d5 h5 24.Nf2 Rfe8 25.Rce3 Qc5 26.Qc2 Nd4 27.Qd2 Nde6 28.g3 Ng6 29.f4 Nexf4
30.gxf4 Nxf4 31.Rg3 Nd3 32.Bxd3 cxd3 {#r} 1-0

[Event "It (open)"]
[Site "masterchessopen.com Deizisau (Germany)"]
[Date "2004.04.10"]
[Round "5"]
[White "Kasimdzhanov Rustam (UZB)"]
[Black "Groszpeter Attila (HUN)"]
[Result "1-0"]
[WhiteElo "2650"]
[BlackElo "2514"]

{ Kasimdzhanov Rustam (UZB) +1 =1 -0 Groszpeter Attila (HUN) +0 =2 -0 } 1.d4
Nf6 2.c4 e6 3.Nc3 Bb4 4.e3 O-O 5.Bd3 d5 6.Nf3 c5 7.O-O Nc6 8.a3 Bxc3 9.bxc3
Qc7 10.Bb2 { ?/= } ( 10.cxd5 exd5 11.a4 Re8 12.Ba3 c4 13.Bc2 Qa5 14.Qe1 Ne4
15.Bb2 Qd8 16.Rb1 Bf5 17.Ba3 b6 18.Nd2 { 1/2-1/2, Kasimdzhanov Rustam 2652 -
Almasi Zoltan 2633 , Germany 8. 3.2004 Bundesliga 2003/04 } ) 10...Re8 (
10...dxc4 11.Bxc4 e5 12.Be2 e4 13.Nd2 Rd8 14.Qc2 Bf5 15.Nb3 cxd4 16.cxd4 Rd6
17.Rfc1 Re8 18.Nc5 Qe7 19.Qb3 Nd8 { 1/2-1/2, Piket Jeroen 2649 - Kramnik
Vladimir 2770 , Dortmund 2000 It (cat.16) } ) 11.h3 { N } ( 11.Rc1 dxc4
12.Bxc4 e5 13.Ng5 Bg4 14.f3 Bh5 15.g4 h6 16.Ne4 Nxe4 17.fxe4 Bg6 18.d5 Red8
19.Bd3 c4 20.Bxc4 Bxe4 21.Ba2 Na5 22.c4 Qc5 23.Qd2 Re8 24.Kf2 b6 25.Qb4 Qc8
26.Rg1 Nb7 27.c5 Bg6 28.c6 Nc5 29.Rxc5 bxc5 30.Qxc5 Qd8 { ...1/2-1/2, Rabar
Braslav - Janosevic Dragoljub 2330 , Sarajevo 1951 Ch Yugoslavia } ) ( 11.Qc2
dxc4 12.Bxc4 e5 13.Ng5 Re7 ( 13...Nd8 14.d5 Qd6 15.e4 Nd7 16.Rfe1 Nb6 17.Bf1
Qg6 18.Nf3 c4 19.a4 Bd7 20.a5 Nxd5 21.Rad1 Nf6 22.Nh4 Qg4 23.Nf5 Bxf5 24.exf5
e4 25.Bxc4 Nc6 26.Bxf7+ Kxf7 27.Qb3+ Kf8 28.Ba3+ Ne7 29.Qxb7 Ng8 30.Rd4 Rab8 {
...1/2-1/2, Sapi Laszlo 2275 - Haag Ervin 2327 , Budapest 1966 Ch Hungary } )
14.Rad1 exd4 15.cxd4 cxd4 16.Bxd4 Nxd4 17.Rxd4 Be6 18.Rc1 Bxc4 19.Rxc4 Qa5
20.Rc8+ { 1/2-1/2, Cvetkovic Srdjan 2436 - Augustin Josef 2445 , Stary
Smokovec 1977 It } ) ( 11.cxd5 exd5 12.c4 dxc4 13.Bxc4 cxd4 14.Nxd4 Nxd4
15.Rc1 Nc6 16.Bxf6 gxf6 17.f4 Kh8 18.Qh5 Rg8 19.Bd3 Rg7 20.Qh6 Qe7 21.f5 Bd7
22.Be2 Ne5 { 0-1, Singh S Vikramjit 2342 - Bakre Tejas 2446 , Calicut 2003 Ch
India } ) 11...dxc4 { N } 12.Bxc4 { +0.29 CAP } 12...b6 { N } ( 12...e5 13.Ba2
e4 14.Nh2 Bf5 15.Ng4 Nxg4 16.hxg4 Bg6 17.Qe2 Qe7 18.f4 exf3 19.Rxf3 Nd8 20.Rd1
{ 1/2-1/2, Lukacs Peter 2485 - Shabtai Ran 2273 , Budapest 1993 It } ) 13.Qe2
Bb7 14.Rac1 Ne7 15.Rfd1 Ng6 16.Ba2 Qc6 17.c4 cxd4 18.Rxd4 e5 19.Rdd1 Ne4 20.c5
Nxc5 21.h4 Re7 { ?! } ( 21...Qf6 { !? } 22.h5 Nh4 23.Bxf7+ Qxf7 { } ) 22.h5
Nf8 23.Bd5 Qe8 24.Nxe5 Rxe5 25.Bxe5 Qxe5 26.Rxc5 bxc5 27.Bxb7 Rb8 28.Bd5 h6
29.Bc4 Qe7 { ?! } ( 29...Nh7 { !? } 30.Rd5 Qa1+ 31.Rd1 Qe5 { } ) 30.Qd2 Nh7 {
?! } ( 30...Rb7 { !? } 31.Qd8 Qe5 32.Qa8 Qe7 { } ) 31.Qd6 Qxd6 32.Rxd6 Nf6
33.Rc6 Ng4 34.Rxc5 Rb1+ 35.Bf1 Kf8 36.Rc8+ Ke7 37.Rc7+ Ke6 38.Rxa7 Nf6 39.Ra6+
Ke7 40.Ra5 Ra1 41.f3 Kd6 42.Kf2 Kc6 43.Bc4 Kb6 44.Re5 Rxa3 45.Bxf7 Kc6 46.e4
Kd6 47.Rb5 Nd7 48.Rd5+ Ke7 49.Bg6 Nb6 50.Rf5 { } {#r} 1-0

[Event "Ch Russia (club)"]
[Site "masterchessopen.com Sochi (Russia)"]
[Date "2004.04.20"]
[Round "1"]
[White "Lugovoi Aleksei (RUS)"]
[Black "Aleksandrov Aleksej (BLR)"]
[Result "0-1"]
[WhiteElo "2550"]
[BlackElo "2659"]

{ Lugovoi Aleksei (RUS) +1 =2 -0 } 1.d4 { 1 } 1...Nf6 2.c4 e6 3.Nc3 Bb4 4.e3
O-O 5.Bd3 d5 6.Nf3 c5 7.O-O Nc6 8.a3 Bxc3 9.bxc3 Qc7 10.Bb2 { ?/= } 10...Na5 (
10...dxc4 11.Bxc4 e5 12.Be2 e4 13.Nd2 Rd8 14.Qc2 Bf5 15.Nb3 cxd4 16.cxd4 Rd6
17.Rfc1 Re8 18.Nc5 Qe7 19.Qb3 Nd8 { 1/2-1/2, Piket Jeroen 2649 - Kramnik
Vladimir 2770 , Dortmund 2000 It (cat.16) } ) 11.cxd5 exd5 ( 11...c4 12.Bc2
exd5 13.Ne5 Nc6 14.Nxc6 Qxc6 15.f3 Re8 16.Qd2 Bd7 17.Qf2 Qb6 18.a4 Bc6 19.Ba3
Qc7 20.Rae1 Re6 21.Bf5 Ree8 22.Qh4 Bxa4 23.Bb1 Re6 24.e4 g6 25.e5 Nh5 26.f4 f5
27.exf6 Rxe1 28.Rxe1 Re8 29.Rf1 Re6 30.f5 Rxf6 31.g4 { ...1-0, Geller Efim P
2455 - Nikitin Aleksander S 2430 , Kislovodsk 1966 It "Central Chess Club" } )
12.Nd2 ( 12.Ne5 b6 ( 12...c4 13.Bc2 Ne4 14.f3 Nd6 15.Qb1 g6 16.a4 f6 17.Ng4
Bxg4 18.fxg4 Kg7 19.Ba3 Rae8 20.Qb4 Rd8 21.Rf4 Rf7 22.Raf1 Nb3 23.Bxb3 cxb3
24.Qxb3 Ne4 25.Rxe4 dxe4 26.c4 Rc8 27.Rc1 Qb6 28.Qd1 Qa6 29.c5 Rd7 30.Qb3 Qc6
31.a5 Rcc7 { ...1/2-1/2, Lautier Joel 2676 - Grischuk Alexander 2719 ,
Poikovsky 24. 3.2004 It (cat.18) } ) 13.f3 Bb7 14.e4 c4 15.Bc2 Nb3 16.Bxb3
cxb3 17.Qxb3 dxe4 18.fxe4 Nxe4 19.Rad1 Nc5 20.Qc2 f6 21.Nf3 Be4 22.Qe2 Bxf3
23.Rxf3 Na4 24.Qb5 { 1/2-1/2, Lugovoi Aleksei 2498 - Pushkov Nikolai 2541 ,
Elista 2001 Ch Russia } ) 12...Ng4 13.g3 { N } ( 13.Nf3 Re8 14.Re1 Re7 15.dxc5
Qxc5 16.c4 Nxc4 17.Qc2 Qd6 18.Bxc4 dxc4 19.Red1 Qc7 20.Qxc4 Be6 21.Qb4 Rd7
22.h3 Nh6 23.Ng5 Rad8 24.Rxd7 Qxd7 25.e4 b6 26.f4 f6 27.Nf3 Rc8 28.Nd4 Nf7
29.Rd1 Qe8 30.Rd3 Bc4 31.Re3 b5 32.Nf5 Rc7 { ...1-0, Taimanov Mark E 2402 -
Averbakh Yuri L 2445 , Leningrad 1962 Ch URS (team) } ) 13...Qb6 { } 14.Qc2
Qh6 15.h4 c4 16.Be2 f5 17.a4 Rf6 { ?! } ( 17...Re8 { !? } 18.Rfe1 Bd7 19.Ba3
b6 { } ) 18.Bf3 Be6 19.Ba3 Bf7 20.Rab1 a6 21.Bg2 Re8 22.Nf3 Qh5 23.Qd1 h6
24.Ne5 g5 25.Bf3 { ?! } ( 25.Nxf7 { !? } 25...Qxf7 26.Qf3 Re4 27.Qe2 { } )
25...Be6 26.Rb6 gxh4 27.Nxg4 fxg4 28.Rxe6 { ? } ( 28.Bh1 h3 29.Kh2 Qf5 30.Qe2
{ } ) 28...Rxf3 29.Rxe8+ Qxe8 30.gxh4 Nb3 31.Bd6 Qxa4 32.Bf4 Qc6 33.Qc2 Qe6
34.Qa2 Kf7 35.Be5 Kg6 36.Re1 Qf5 37.Qa4 Nd2 38.Qe8+ Qf7 39.Qc8 Kh5 40.Bg3 Ne4
41.Bf4 Nxf2 42.Qh8 Qe6 43.Qe5+ Qxe5 44.dxe5 Nd3 45.e6 Kg6 46.Re2 g3 47.Bxh6
Rf2 { } {#R} 0-1

[Event "Ch World (corr.) (final) XVIII"]
[Site "masterchessopen.com corr."]
[Date "2004.06.01"]
[Round "7"]
[White "Mraz Miroslav (CZE)"]
[Black "Van Oosterom Joop (NED)"]
[Result "0-1"]
[WhiteElo "2048"]
[BlackElo "2260"]

1.d4 Nf6 2.c4 e6 3.Nc3 Bb4 4.e3 O-O 5.Bd3 d5 6.Nf3 c5 7.O-O Nc6 8.a3 Bxc3
9.bxc3 Qc7 10.cxd5 exd5 11.Nd2 Re8 12.Re1 Bg4 13.f3 Bh5 14.Nf1 Bg6 15.Bxg6
hxg6 16.Ng3 Rad8 17.Ra2 Rd7 18.Rae2 Red8 19.Bb2 Nh7 20.Nf1 Nf8 21.Nd2 Ne6
22.Nb3 Na5 23.Nxa5 Qxa5 24.Rd2 cxd4 25.cxd4 Rc8 26.Qe2 b5 27.e4 Qb6 28.Qf2 a5
29.Re3 Rc4 30.f4 dxe4 31.Rxe4 b4 32.axb4 Rxb4 33.h3 a4 34.Ba3 Rb3 35.Bc5 Qb7
36.Rde2 Rd5 37.R2e3 Rf5 38.Qf3 Qb8 39.Re5 Kh7 40.Qg3 Rxe3 41.Rxe3 Kg8 42.Ra3
Nxf4 43.Kh2 Qb5 44.Ra2 Nh5 45.Qa3 Rf1 {#R} 0-1

[Event "It (open)"]
[Site "masterchessopen.com Oberwart (Austria)"]
[Date "2004.07.15"]
[Round "6"]
[White "Golovchenko Gleb (RUS)"]
[Black "Horvath Peter_ (HUN)"]
[Result "0-1"]
[WhiteElo "2353"]
[BlackElo "2477"]

1.d4 Nf6 2.c4 e6 3.Nc3 Bb4 4.Nf3 c5 5.e3 O-O 6.Bd3 d5 7.O-O Nc6 8.a3 Bxc3
9.bxc3 Qc7 10.cxd5 exd5 11.h3 c4 12.Bc2 Re8 13.Nd2 b5 14.Re1 Ne4 15.Nxe4 dxe4
16.f3 Bf5 17.Bd2 Rab8 18.Rf1 Bg6 19.f4 f5 20.Qe2 Bf7 21.Rfb1 a5 22.Qe1 Qd6
23.Rb2 Rb6 24.Ba4 Reb8 25.Qb1 Nxd4 26.cxd4 bxa4 27.Rxb6 Rxb6 28.Qc1 Rb3
29.Bxa5 g5 30.fxg5 Qg3 31.Bd2 f4 32.exf4 e3 33.Be1 Qxf4 34.Ra2 Qe4 35.Kh2 Bd5
36.g6 hxg6 37.Re2 Qd3 38.Rc2 Qf1 39.Ra2 Be4 40.Qd1 Bf5 41.Qe2 Qxe2 42.Rxe2
Rxa3 43.Bb4 Rb3 44.Bc5 Bb1 45.d5 a3 46.Bd4 a2 47.Ba1 Rd3 48.Kg3 c3 {#R} 0-1

[Event "It (open)"]
[Site "masterchessopen.com Senden (Germany)"]
[Round "3"]
[White "Sondermann Dirk (GER)"]
[Black "Horvath Peter_ (HUN)"]
[Result "0-1"]
[WhiteElo "2145"]
[BlackElo "2477"]

1.d4 d5 2.c4 e6 3.Nf3 Nf6 4.Nc3 Bb4 5.e3 O-O 6.Bd3 c5 7.O-O Nc6 8.a3 Bxc3
9.bxc3 Qc7 10.cxd5 exd5 11.Qc2 c4 12.Bf5 Re8 13.Bxc8 Raxc8 14.Re1 Ne4 15.Nd2
Qa5 16.Bb2 Re7 17.Nf1 Rce8 18.f3 Nf6 19.Re2 g6 20.Rae1 Nh5 21.g4 Ng7 22.Ng3
Ne6 23.Bc1 b5 24.h4 Qd8 25.g5 a5 26.f4 Ng7 27.h5 Qd7 28.f5 Nxf5 29.Nxf5 gxf5
30.Rf1 Re4 31.Rf4 Rxf4 32.exf4 Re4 33.Rg2 Qe6 34.Kh2 Re1 35.Qd2 Ne7 36.Kg3 Nc8
37.Rf2 Nd6 38.Rg2 Ne4+ {#R} 0-1

[Event "It (open)"]
[Site "masterchessopen.com Montigny (France)"]
[Date "2004.10.25"]
[Round "2"]
[White "Vallepin Cedric (FRA)"]
[Black "Hogrel Nicolas (FRA)"]
[Result "1-0"]
[WhiteElo "2116"]
[BlackElo "2017"]

1.d4 Nf6 2.c4 e6 3.Nc3 Bb4 4.e3 c5 5.Bd3 Nc6 6.Nf3 d5 7.O-O O-O 8.a3 Bxc3
9.bxc3 Qc7 10.cxd5 exd5 11.Nh4 c4 12.Bc2 Ne7 13.g3 Bh3 14.Ng2 Bf5 15.f3 Qd7
16.Re1 Bxc2 17.Qxc2 Qf5 18.Qe2 g5 19.e4 Qg6 20.Ne3 Rfe8 21.e5 Nh5 22.a4 f5
23.Qc2 Ng7 24.Rb1 Qc6 25.Ba3 f4 26.Ng4 Nh5 27.Bd6 Qd7 28.gxf4 gxf4 29.Qg2 Kh8
30.Qh3 Qf5 31.Rxb7 Nc8 32.Bc5 Nb6 33.Kh1 Nxa4 34.Nf6 Qxf6 35.exf6 Rxe1+ 36.Kg2
Nxf6 37.Qh6 Rg8+ 38.Kh3 Rg6 39.Qf8+ Ng8 40.Bd6 Rh6+ 41.Kg2 {#r} 1-0

[Event "Ch Russia"]
[Site "masterchessopen.com Moscow (Russia)"]
[Date "2004.11.26"]
[Round "10"]
[White "Korotylev Alexey (RUS)"]
[Black "Grischuk Alexander (RUS)"]
[Result "1-0"]
[WhiteElo "2596"]
[BlackElo "2704"]

1.d4 { } 1...Nf6 { } 2.c4 { } 2...e6 { } 3.Nc3 { } 3...Bb4 { } 4.e3 { }
4...O-O { } 5.Bd3 { } 5...c5 { } 6.Nf3 { } 6...d5 { } 7.O-O { } 7...Nc6 { }
8.a3 { } 8...Bxc3 { } 9.bxc3 { } 9...Qc7 { } 10.cxd5 { } 10...exd5 { } 11.a4 {
} 11...Re8 { } 12.Ba3 { } 12...c4 { } 13.Bc2 { } 13...Qa5 { } ( 13...Ne4
14.Bxe4 Rxe4 15.Nd2 Re8 16.e4 Be6 17.Re1 Qd7 18.f3 b6 19.Rb1 Rab8 20.Nf1 Na5
21.Rb5 a6 22.Rb2 Nb3 { = Sturua Zurab (GEO) 2594 - Kacheishvili Giorgi (GEO)
2564, Tbilisi (Georgia) 2000.05 } ) 14.Qc1 { } 14...Ne4 { } 15.Bxe4 { }
15...Rxe4 { } 16.Nd2 { } 16...Re8 { } ( 16...Re6 17.e4 Rg6 18.f3 dxe4 (
18...Be6 { !? } ) 19.fxe4 Qg5 20.Rf2 Qe3 21.Nxc4 Qxe4 22.Qe1 Qxe1+ 23.Rxe1 Be6
24.Nd6 b6 25.Rd2 Na5 26.d5 { ± Ovsejevitsch Sergei (UKR) 2526 - Gaprindashvili
Valerian (GEO) 2459, Alushta (Ukraine) 2000 } ) 17.e4 { } 17...Be6 { } 18.e5 {
N } ( 18.Re1 dxe4 19.Nxe4 Bd5 20.f3 Bxe4 21.fxe4 Qxa4 22.Bc5 Qb5 23.Rb1 Qa6
24.Ra1 Na5 25.Qa3 Nb3 26.Qxa6 bxa6 27.Rxa6 Nxc5 28.dxc5 f5 29.e5 Kf7 30.Kf2
Re7 31.Kf3 Rc8 32.c6 { 1/2-1/2, Niklasch Oliver (GER) 2352 - Filippov Valerij
(RUS) 2630, Izmir (Turkey) 2004.10.03 } ) ( 18.Qc2 { !? } ) 18...Qxa4 { }
19.f4 { } ( 19.Bd6 Qb5 20.Rb1 Qa6 21.Ra1 Qb6 22.Rb1 Qd8 23.Rxb7 a5 24.f4 Bf5
25.Nf3 Ra7 26.Rb5 f6 27.Rxd5 Rd7 { ? } ) 19...Bf5 { ! } 20.Rf2 { } 20...f6 { }
( 20...Qb5 21.Nf1 Na5 22.Ne3 Qd7 { ? } ) 21.Qb2 { } ( 21.exf6 gxf6 22.Be7 Qc2
23.Qxc2 Bxc2 24.Bxf6 Bf5 25.Nf1 b5 26.Ng3 Bd3 27.Rb2 Rf8 28.Be5 b4 29.cxb4
Nxe5 30.fxe5 Rf4 { ? } ) 21...Nd8 { } ( 21...Qa5 22.Bd6 Qb6 23.Nf1 Qxb2
24.Rxb2 b6 25.Ne3 Be4 26.Rb5 fxe5 27.fxe5 Kf7 28.Nxd5 Bxd5 29.Rxd5 { ? } )
22.Nf1 ( 22.Bc5 Qc6 23.Rxa7 Rxa7 24.Bxa7 Ne6 25.exf6 gxf6 26.Nf1 Bd3 27.Rf3
Kh8 28.Ne3 Nxf4 29.Rxf4 Rxe3 { ? } ) 22...Qd7 23.Ne3 Bd3 24.h3 b6 25.Qd2 Kh8 {
?! } ( 25...f5 { !? } ) ( 25...Nf7 { ! } 26.exf6 gxf6 27.Rf3 Be4 28.Ng4 Qf5 {
? } ) 26.f5 { !? } 26...fxe5 27.dxe5 Rxe5 28.f6 Ne6 ( 28...gxf6 { !? } 29.Ng4
Nf7 30.Nxe5 fxe5 31.Qd1 Rg8 32.Qf3 Ng5 33.Qf6+ Qg7 34.Qxg7+ Rxg7 35.Rf8+ Rg8
36.Rxg8+ Kxg8 { ? } ) 29.Be7 { DA } 29...h5 { ? } ( 29...d4 30.Ng4 Rf5
31.fxg7+ ( 31.Rxf5 Bxf5 32.Ne5 Qd5 33.cxd4 { ? } ) 31...Nxg7 32.Bf6 dxc3
33.Bxc3 { ? } ) 30.fxg7+ { ± } 30...Nxg7 31.Bf6 Re6 { ? } ( 31...Qc7 32.Bxe5
Qxe5 33.Re1 { ± } ) 32.Nxd5 { ! } 32...Kg8 33.Qg5 Rf8 34.Bxg7 Qxg7 35.Rxf8+
Kxf8 36.Qd8+ Re8 37.Qd6+ {#r} 1-0

[Event "It (open)"]
[Site "masterchessopen.com Lenk (Switzerland)"]
[Round "2"]
[White "Andrist Pascal (SUI)"]
[Black "Sokolov Andrei (FRA)"]
[Result "0-1"]
[WhiteElo "2155"]
[BlackElo "2623"]

1.d4 Nf6 2.c4 e6 3.Nc3 Bb4 4.e3 O-O 5.Bd3 d5 6.Nf3 c5 7.O-O Nc6 8.a3 Bxc3
9.bxc3 Qc7 10.Qe2 dxc4 11.Bxc4 e5 12.h3 Bd7 13.Rd1 e4 14.Nd2 Na5 15.a4 cxd4
16.cxd4 Rac8 17.Bb5 Be6 18.Ba3 a6 19.Rac1 Qd8 20.Bc4 Bd7 21.f3 Bxa4 22.Rf1
Nxc4 23.Nxc4 Bb5 24.fxe4 Nxe4 25.Qh5 Nf6 {#R} 0-1

[Event "Ch Switzerland (team) 2005"]
[Site "masterchessopen.com Switzerland"]
[Date "2005.03.20"]
[Round "2"]
[White "Sutter Oliver (SUI)"]
[Black "Sokolov Andrei (FRA)"]
[Result "0-1"]
[WhiteElo "2403"]
[BlackElo "2623"]

{ Sokolov Andrei (FRA) +2 =3 -0 } 1.d4 Nf6 2.c4 e6 3.Nc3 Bb4 4.e3 O-O 5.Bd3 d5
6.Nf3 c5 7.O-O Nc6 8.a3 Bxc3 9.bxc3 Qc7 10.cxd5 exd5 11.a4 Re8 12.Ba3 c4
13.Bc2 Ne4 ( 13...Bg4 14.Qe1 Bh5 15.Nh4 Ng4 16.g3 Bg6 17.Nxg6 hxg6 18.Qd2 Nf6
19.f3 Na5 20.Rae1 Nb3 21.Qd1 Qc6 22.Bxb3 cxb3 23.Qxb3 Rac8 24.Bb4 b6 25.a5 Qb5
26.Qa2 bxa5 27.Bxa5 Re6 28.Bb4 Rce8 29.Qe2 Qa4 30.Qd2 a5 31.Ra1 Qc6 32.Bxa5
Rxe3 33.Rae1 { ...1/2-1/2, Beliavsky Alexander G 2620 - Sokolov Andrei 2585 ,
Budva 1996 Cup Yugoslavia (team) } ) ( 13...Qa5 14.Qc1 Ne4 15.Bxe4 Rxe4 16.Nd2
Re6 17.e4 Rg6 18.f3 dxe4 19.fxe4 Qg5 20.Rf2 Qe3 21.Nxc4 Qxe4 22.Qe1 Qxe1+
23.Rxe1 Be6 24.Nd6 b6 25.Rd2 Na5 26.d5 Bd7 27.Re7 Bxa4 28.Rd4 Bb3 29.Rc7 h5
30.Nc8 Rg4 31.Rxg4 hxg4 32.d6 Be6 33.d7 { ...0-1, Ovsejevitsch Sergei 2526 -
Gaprindashvili Valerian 2459 , Alushta 2000 It (cat.8) } ) 14.Bxe4 { ?/= }
14...Rxe4 15.Nd2 Rh4 ( 15...Re8 16.e4 dxe4 17.Re1 Bf5 18.Nxc4 Rad8 19.Ne3 Bc8
20.Qh5 Qa5 21.Qxa5 Nxa5 22.d5 b6 23.Bb4 Nb7 24.a5 f5 25.axb6 axb6 26.Ra7 b5
27.g3 Nd6 28.Bxd6 Rxd6 29.Rb1 Bd7 30.Rba1 Rc8 31.Rb7 g5 32.Raa7 Rd8 33.c4 bxc4
34.Nxc4 Rxd5 35.Nb6 { ...1/2-1/2, Lautier Joel 2630 - Kramnik Vladimir 2780 ,
Monaco 1998 It "Melody Amber" (active) } ) 16.g3 ( 16.f4 Bf5 17.Qf3 Bd3
18.Qxd5 Rd8 19.Qg5 Rh6 20.Rfe1 f5 21.e4 fxe4 22.Nxe4 Rg6 23.Qh4 Qa5 24.Qh3 Rh6
25.Qf3 Re6 26.Ng5 Nxd4 27.Qxb7 Ne2+ 28.Kh1 Ree8 29.Qf7+ Kh8 30.Ne6 Qxc3
31.Nxd8 Rxd8 32.Bd6 Qf6 33.Qxf6 gxf6 34.Be7 Rc8 35.Bxf6+ Kg8 { ...1/2-1/2,
Zsinka Laszlo 2348 - Loginov Valery A 2513 , Oberwart 2001 It (open) } )
16...Rh6 17.e4 ( 17.f3 Bh3 18.Rf2 Rg6 19.Kh1 Re8 20.e4 dxe4 21.fxe4 Na5 22.Qe2
Nb3 23.Re1 Nxd2 24.Qxd2 Qc6 25.d5 Qxa4 26.Bc5 b6 27.Bd4 Qd7 28.Kg1 h6 29.Rf4
Rg4 30.Qf2 f5 31.exf5 Rxf4 32.gxf4 Rxe1+ 33.Qxe1 Qxf5 34.Qe6+ Qxe6 35.dxe6
Bxe6 36.Kf2 Kf7 { ...1/2-1/2, Azmaiparashvili Zurab 2625 - Ljubojevic Ljubomir
2580 , Leon 1994 It (cat.12) } ) 17...Be6 ( 17...Qa5 18.Re1 Be6 19.Re3 dxe4
20.Nxe4 Qh5 21.h4 Bd5 22.Qxh5 Rxh5 23.Rb1 h6 24.Nd6 a6 25.f3 Be6 26.Nxb7 g5
27.Nc5 Bd5 28.Nd7 Kg7 29.Nb6 Rd8 30.Nxd5 Rxd5 31.Rb6 Nd8 32.Re5 gxh4 33.Rxh5
Rxh5 34.Be7 Ne6 35.Bxh4 Nc7 36.Rc6 Nd5 37.Rxc4 { ...1-0, Kamsky Gata 2735 -
Almasi Zoltan 2645 , Groningen 1995 It (cat.17) } ) 18.Re1 ( 18.f3 Rd8 19.Qc2
Rg6 20.Rfe1 Qd7 21.Nf1 f5 22.Ne3 f4 23.exd5 Bxd5 24.Nxd5 Qxd5 25.Kf2 Qh5
26.Kg2 Rh6 27.h4 Rg6 28.Qe4 Rxg3+ 29.Kf2 Qg6 30.Qxg6 Rxg6 31.Re4 Rf6 32.Rg1
Kf7 33.Rg4 Rd5 34.Rgxf4 Ra5 35.d5 Rxd5 36.Rxc4 Rxf4 37.Rxf4+ Ke6 { ...0-1,
Castillo Martinez Alberto 2102 - Veingold Aleksandr 2465 , Mislata 19. 8.2005
It (open) } ) 18...dxe4 { +0.41 CAP } ( 18...Qd7 19.f3 ( 19.Re3 f5 { -0.15 CAP
} ) 19...b6 20.Rb1 Rg6 21.Nf1 Na5 22.Ne3 Nb3 23.f4 f5 24.exd5 Bxd5 25.Nxd5
Qxd5 26.Re5 Qd7 27.Qf3 Rc8 28.Re7 Qxa4 29.Qd5+ Kh8 30.Rbe1 Rg8 31.Qxg8+ Kxg8
32.Re8+ Qxe8 33.Rxe8+ Kf7 34.Re7+ Kg8 35.Re8+ Kf7 36.Re7+ Kg8 37.Rxa7 Re6
38.d5 { ...1/2-1/2, Rogozenko Dorian 2536 - Nataf Igor-Alexandre 2535 ,
Internet 2001 Ch World (qual) (1/2 final) } ) 19.Rxe4 ( 19.Nxe4 Bd5 20.Ra2 Qd7
21.Rae2 f5 22.Ng5 Rg6 23.Qd2 h6 24.Nh3 Rf6 25.Nf4 Be4 26.Qa2 Na5 27.Be7 Ra6
28.Bb4 Nb3 29.a5 g5 30.f3 gxf4 31.fxe4 fxg3 32.hxg3 Rg6 33.exf5 Qxf5 34.Re3
Rc8 35.Qg2 Rg7 36.Re7 Rc7 37.Rxc7 Rxc7 38.Bd6 Rf7 { ...1-0, Yerofeev Sergey
2370 - ponjakov v s, corr. 1999 Ch Russia (corr.) (1/2 final) } ) 19...Qa5
20.Qe1 { N } ( 20.Re3 Rd8 21.Qe2 Qh5 22.f3 Qd5 23.Re1 g5 24.Ne4 Rg6 25.Nc5 Re8
26.Rb1 Rb8 27.Rb5 { 1-0, Peralta Fernando 2556 - Vehi Bach Victor M 2425 ,
Salou 23. 5.2005 It (open) } ) 20...Qd5 21.Rb1 a6 22.Bc5 { ?! } ( 22.Rxb7 Nxd4
23.Rb2 Nc6 24.Nxc4 { } ) 22...Rg6 23.Qe2 h6 24.Rf4 b5 25.Nf1 Bh3 { ?! } (
25...Qg5 26.Re4 Bd5 27.Re3 Qf5 { } ) 26.Ne3 Qd7 27.Qf3 Re8 28.Kh1 Nd8 29.axb5
axb5 30.Ra1 { ? } ( 30.d5 { !? } 30...Rg5 31.Bb4 h5 32.Re4 { } ) 30...Ne6
31.Ra7 { ?! } ( 31.Re4 { } ) 31...Qxa7 32.Bxa7 Nxf4 33.gxf4 Bf5 34.Qe2 Bd3
35.Qd1 Rxe3 { } {#R} 0-1

[Event "It (open)"]
[Site "masterchessopen.com Oslo (Norway)"]
[Date "2005.03.23"]
[Round "5"]
[White "Adnoy Hallvard V (NOR)"]
[Black "Brynell Stellan (SWE)"]
[Result "0-1"]
[WhiteElo "2272"]
[BlackElo "2496"]

1.d4 e6 2.c4 Nf6 3.Nc3 Bb4 4.e3 c5 5.Bd3 Nc6 6.Nf3 d5 7.O-O O-O 8.a3 Bxc3
9.bxc3 Qc7 10.Nd2 Na5 11.Qe2 dxc4 12.Nxc4 Nxc4 13.Bxc4 e5 14.f4 Bg4 15.Qa2
exd4 16.cxd4 cxd4 17.Bb2 dxe3 18.Bxf6 gxf6 19.Be2 Bxe2 20.Qxe2 Rfe8 21.Rac1
Qb6 22.Rb1 Qc6 23.Rfc1 Qd7 24.Rd1 Qf5 25.Rxb7 Qxf4 26.Rb4 Qe5 27.Rb5 Qe6
28.Rh5 Rad8 29.Rxd8 Rxd8 30.Rh3 Re8 31.Rg3+ Kh8 32.Rh3 Qe5 33.Rg3 f5 34.Rh3 f4
35.Rh5 Qxh5 36.Qxh5 e2 {#R} 0-1

[Event "It (open)"]
[Site "masterchessopen.com Salou (Spain)"]
[Date "2005.05.23"]
[Round "4"]
[White "Peralta Fernando (ARG)"]
[Black "Vehi Bach Victor M (ESP)"]
[Result "1-0"]
[WhiteElo "2538"]
[BlackElo "2416"]

1.d4 Nf6 2.c4 e6 3.Nc3 Bb4 4.e3 O-O 5.Bd3 d5 6.Nf3 c5 7.O-O Nc6 8.a3 Bxc3
9.bxc3 Qc7 10.cxd5 exd5 11.a4 Re8 12.Ba3 c4 13.Bc2 Ne4 14.Bxe4 Rxe4 15.Nd2 Rh4
16.g3 Rh6 17.e4 Be6 18.Re1 dxe4 19.Rxe4 Qa5 20.Re3 Rd8 21.Qe2 Qh5 22.f3 Qd5
23.Re1 g5 24.Ne4 Rg6 25.Nc5 Re8 26.Rb1 Rb8 27.Rb5 {#r} 1-0

[Event "Cup Croatia (team)"]
[Site "masterchessopen.com Sibenik (Croatia)"]
[Date "2005.05.30"]
[Round "1"]
[White "Brulic Denis (CRO)"]
[Black "Palac Mladen (CRO)"]
[Result "0-1"]
[WhiteElo "2247"]
[BlackElo "2571"]

1.d4 Nf6 2.c4 e6 3.Nf3 d5 4.Nc3 Bb4 5.e3 O-O 6.Bd3 c5 7.O-O Nc6 8.a3 Bxc3
9.bxc3 Qc7 10.cxd5 exd5 11.Nh4 Ne7 12.g3 Bh3 13.Re1 Ng6 14.Ng2 cxd4 15.cxd4
Qd7 16.Bb2 Bf5 17.f3 Rfe8 18.g4 Bxd3 19.Qxd3 h5 20.h3 Qd6 21.g5 Nd7 22.f4 Re4
23.Qd1 h4 24.Bc3 Qe6 25.Kh2 Nb6 26.Qf3 Ne7 27.Nxh4 Nc4 28.Bb4 Nf5 29.Nxf5 Qxf5
30.Re2 Rae8 31.Rae1 b6 32.a4 a5 33.Bc3 R4e7 34.e4 Rxe4 35.Rxe4 Rxe4 36.Rxe4
dxe4 37.Qg4 Qxg4 38.hxg4 Ne3 39.d5 Nxd5 40.Bd4 g6 41.f5 Kf8 42.Kg1 Ke7 43.Kf1
Kd6 44.Ke2 Kc6 45.Kd2 b5 46.axb5+ Kxb5 {#R} 0-1